00865 2200313 4500001002100000005001500021035002000036007000300056040001700059100003000076245004500106250001000151300003400161020002200195041000800217084001800225090002400243264003500267336002100302337003000323338002300353650001100376700003800387850001000425008004100435990002500476990002500501990002500526INLIS00000000001313220260603013243 a0010-0525000034ta aSBPUPADbind0 aNenny Makmum ,ePengarang1 aHanya Ingin Memilikimu /cNenny Makmum , aCet.1 a156 hlm :bilus. ;c14x20 cm. a978-602-60445-4-x aind a899.221 NEN n a899.221 NEN n 24-18 aJakarta :bSkylar Comic,c2017 2rdacontentaTeks 2rdamediaatanpa perantara 2rdacarrieravolume 4aNovel/ aEditor : Herman DlongeePengarang aPUPAD260603 1  a38.971/APBD/DPK/2025 a38.972/APBD/DPK/2025 a38.973/APBD/DPK/2025